Central Library OPAC University of Rajshahi

An introduction to analytical geometry / (Record no. 52819)

MARC details
000 -LEADER
fixed length control field 00687nam a2200229 a 4500
001 - CONTROL NUMBER
control field 52819
003 - CONTROL NUMBER IDENTIFIER
rucl marc code BD-RjUL
005 - DATE AND TIME OF LATEST TRANSACTION
control field 20211209075850.0
008 - FIXED-LENGTH DATA ELEMENTS--GENERAL INFORMATION
fixed length control field 160927r19571947enka b 001 0 eng
035 ## - SYSTEM CONTROL NUMBER
System control number (BD-RjUL) 52939
040 ## - CATALOGING SOURCE
Original cataloging agency DLC
Transcribing agency SUC
Modifying agency SUC
-- MYG
-- BD-RjUL
Language of cataloging eng
041 ## - LANGUAGE CODE
Language code of text/sound track or separate title eng
082 ## - DEWEY DECIMAL CLASSIFICATION NUMBER
Classification number 516.3
Edition number 23
Author mark and year ROI 1957
100 1# - MAIN ENTRY--PERSONAL NAME
Personal name Robson, A.
Fuller form of name (Alan),
Dates associated with a name 1888-
9 (RLIN) 154879
245 13 - TITLE STATEMENT
Title An introduction to analytical geometry /
Statement of responsibility, etc. A. Robson.
260 ## - PUBLICATION, DISTRIBUTION, ETC. (IMPRINT)
Place of publication, distribution, etc. Cambridge :
Name of publisher, distributor, etc. The University Press,
Date of publication, distribution, etc. 1947 [Reprinted 1957]
300 ## - PHYSICAL DESCRIPTION
Pagination Vol. :
Illustrations ill. ;
Size 22 cm.
504 ## - BIBLIOGRAPHY, ETC. NOTE
Bibliography, etc Includes bibliography and index.
505 0# - FORMATTED CONTENTS NOTE
Formatted contents note Vol. 2--
650 #0 - SUBJECT ADDED ENTRY--TOPICAL TERM
Topical term or geographic name as entry element Geometry, Analytic.
9 (RLIN) 157951
942 ## - ADDED ENTRY ELEMENTS (KOHA)
Source of classification or shelving scheme Dewey Decimal Classification
Koha item type Books
Holdings
Lost status Source of classification or shelving scheme Damaged status Not for loan Collection code Permanent Location Current Location Shelving location Date acquired Source of acquisition Cost, normal purchase price Total Checkouts Full call number Date last seen Copy number Koha item type
  Dewey Decimal Classification     Non-fiction Central Library, University of Rajshahi Central Library, University of Rajshahi   03/11/1969 Zeitlinger 15.00   516.3 ROI V-2 1957 27/09/2016 C-2 Books